| 000 | 00479nam a2200181Ia 4500 | ||
|---|---|---|---|
| 003 | GCL | ||
| 008 | 140319s9999 xx 000 0 eng d | ||
| 040 |
_aGCL / _cGCL |
||
| 082 | 0 | 4 |
_aCC _b291.23 _bF A |
| 100 | 1 | _aANDREWS, CAROL | |
| 245 | 1 | 0 |
_aTHE ANCIENT EGYPTIAN BOOK OF THE DEAD / _cANDREWS, CAROL |
| 700 | 1 | _aFAULKNER, RAYMOND O. | |
| 260 |
_a[S.N] : _bBRITISH MUSEUM PRESS |
||
| 650 | 0 | 4 | _aRELIGION |
| 650 | 0 | 4 | _aANCIENT EGYPT |
| 650 | 0 | 4 | _aRELIABILITY |
| 942 |
_2ddc _cBK |
||
| 999 |
_c25666 _d25666 |
||